Právne a ekonomické aspekty začatia pôsobenia zástupcov zamestnancov u zamestnávateľa bakalárska práca

Salvato in:
Dettagli Bibliografici
Autore principale: Uvaček, Maroš
Ente Autore: Národohospodárska fakulta EU. Katedra ekonómie
Altri autori: Rak, Pavol
Natura: Libro
Lingua:slovacco
Pubblicazione: Bratislava 2025
Tags: Aggiungi Tag
Nessun Tag, puoi essere il primo ad aggiungerne!!

MARC

LEADER 00000nbm a2200000 4500
001 0310973
005 20260210112806.6
041 0 |a slo 
044 |a SK 
245 1 0 |a Právne a ekonomické aspekty začatia pôsobenia zástupcov zamestnancov u zamestnávateľa  |b bakalárska práca  |c Maroš Uvaček ; školiteľ: Pavol Rak 
264 1 |a Bratislava  |c 2025 
300 |a 48 s. 
100 1 |a Uvaček, Maroš 
700 1 |a Rak, Pavol 
710 2 |a Národohospodárska fakulta EU. Katedra ekonómie